A nők munka-magánélet egyensúlya a modern társadalomban
| Szerző: | |
|---|---|
| További közreműködők: | |
| Dokumentumtípus: | Diplomadolgozat |
| Kulcsszavak: | 21. század egyensúly koronavírus-járvány (COVID-19) munka nők |
| Online Access: | http://dolgozattar.uni-bge.hu/59893 |
MARC
| LEADER | 00000nta a2200000 i 4500 | ||
|---|---|---|---|
| 001 | dolg59893 | ||
| 005 | 20260409145717.0 | ||
| 008 | 260409suuuu hu om 000 hun d | ||
| 040 | |a BGE Dolgozattár Repozitórium |b hun | ||
| 041 | |a hu | ||
| 100 | 1 | |a Régi Melánia | |
| 245 | 1 | 2 | |a A nők munka-magánélet egyensúlya a modern társadalomban |c Régi Melánia |h [elektronikus dokumentum] |
| 520 | 3 | |a Dolgozatomban a nők munka és magánélet közötti egyensúlyát vizsgálom a modern társadalomban, különös tekintettel a rugalmas foglalkoztatási formák – például a távmunka és a home office – hatásaira. Személyes tapasztalataim és érdeklődésem is motiváltak abban, hogy ezt a témát válasszam, mivel magam is keresem az egyensúlyt a karrier és a magánélet között. A COVID–19 járvány nyomán bekövetkezett változások jelentősen átalakították a munkavégzés kereteit, új kihívásokat és lehetőségeket hozva a munkavállalók számára. Kutatásom során kérdőíves módszert alkalmaztam. Célom, hogy feltárjam azokat a tényezőket, amelyek támogatják vagy akadályozzák a munka-magánélet egyensúlyát, és gyakorlati javaslatokat fogalmazzak meg a munkáltatók és munkavállalók számára a családbarát szemlélet erősítésére. | |
| 695 | |a 21. század | ||
| 695 | |a egyensúly | ||
| 695 | |a koronavírus-járvány (COVID-19) | ||
| 695 | |a munka | ||
| 695 | |a nők | ||
| 700 | 1 | |a Fekete-Frojimovics Dr. Zsófia |e ths | |
| 856 | 4 | 0 | |u http://dolgozattar.uni-bge.hu/59893/1/Szakdolgozat.pdf |z Dokumentum-elérés |
| 856 | 4 | 0 | |u http://dolgozattar.uni-bge.hu/59893/2/R%C3%A9gi%20Mel%C3%A1nia%20B%C3%ADr%C3%A1lati%20lap_BSc_BA_MSc_MA_2025.pdf |z Dokumentum-elérés |
| 856 | 4 | 0 | |u http://dolgozattar.uni-bge.hu/59893/3/BA%20b%C3%ADr%C3%A1lati%20lap%202025_R%C3%A9giM_PED.pdf |z Dokumentum-elérés |